Transakční náklady.
Voľba riešenia podľa tzv. transakčných nákladov predstavuje nový prístup k ekonomickej argumentácii, analýze a rozhodovaniu. Začala sa ujímať i na podnikovej úrovni. Niečo stojí aj udržiavanie celého ekonomického systému, ktorý je plný transakcií, prevodov ekonomického pohybu. Transakčné náklady sa...
Gespeichert in:
| Format: | Buchkapitel |
|---|---|
| Sprache: | Tschechisch |
| Schlagworte: | |
| Tags: |
Keine Tags, Fügen Sie das erste Tag hinzu!
|
MARC
| LEADER | 00000naa a2200000 4500 | ||
|---|---|---|---|
| 001 | r009302 | ||
| 005 | 20220831084553.7 | ||
| 041 | 0 | |a cze | |
| 044 | |a [CS] | ||
| 245 | 1 | 0 | |a Transakční náklady. |
| 520 | |a Voľba riešenia podľa tzv. transakčných nákladov predstavuje nový prístup k ekonomickej argumentácii, analýze a rozhodovaniu. Začala sa ujímať i na podnikovej úrovni. Niečo stojí aj udržiavanie celého ekonomického systému, ktorý je plný transakcií, prevodov ekonomického pohybu. Transakčné náklady sa musia zohľadňovať vedľa výrobných a predajných nákladov. Charakteristika teórií transakčných nákladov. | ||
| 610 | 2 | 0 | |a náklady |
| 610 | 2 | 0 | |a analýza ekonomická |
| 610 | 2 | 0 | |a rozhodovanie |
| 610 | 2 | 0 | |a podnik |
| 610 | 2 | 0 | |a systémy ekonomické |